000
00196 a2200097 4500
001
25848
100
_a
Sabatini, R
245
_a
Taveern Knight
260
_a
_b
T. Nelson
_c
090
_c
17467
_d
17467
942
_a
NUST-CAE
_c
M
_c
8299
999
_c
260921
_d
260921